| 000 | 00979nam a22003137a 4500 | ||
|---|---|---|---|
| 999 |
_c503 _d503 |
||
| 001 | 003435 | ||
| 003 | CoMeUDC003435 | ||
| 005 | 20181217234550.0 | ||
| 008 | 921005s1991 ck r 00110 spa d | ||
| 015 | _ack-1991-xxxx | ||
| 020 | _a9589042856 | ||
| 035 | _aAEP6667 LA | ||
| 040 |
_ala _cCoMeUDC |
||
| 041 | 0 | _aspa | |
| 043 | _as-ck--- | ||
| 082 | 0 | 4 |
_a344.01 _bA681r _215 ed. |
| 100 | 1 | _aArenas Monsalve, Gerardo. | |
| 245 | 1 | 4 |
_aLos riesgos de trabajo y la salud ocupacional en Colombia / _cGerardo Arenas Monsalve. |
| 250 | _a2a. ed. | ||
| 260 |
_aBogotá : _bLegis Fondo Editorial, _c1991. |
||
| 300 |
_axii, 414 p. ; _c24 cm. |
||
| 440 |
_aColección ciencia jurídica _9873 |
||
| 500 | _aIncluye índice. | ||
| 650 | 0 |
_aLegislación sobre accidentes de trabajo _z Colombia. _9874 |
|
| 650 | 0 |
_aLegislación en salud ocupacional _z Colombia. _9875 |
|
| 650 |
_aResponsabilidad patronal _x Legislacin̤ _z Colombia. |
||
| 942 |
_2ddc _cBK |
||
| 949 |
_ac _bc |
||